000 00832cam a22002657i 4500
001 a4824045
003 CO-ViMGA
005 20230915234536.0
008 100915s2009 sp a | |||| 000 c spa
020 _a9788498854251
040 _aCO-ViMGA
_bspa
_cCO-ViMGA
041 1 _heng
082 0 4 _a741.5
_bB26c1
100 1 _aBendis, Brian Michael
_d1967-
_98883
245 1 3 _aEl colectivo /
_cBendis, Deodato, Coipel ; [Gonzalo Quesada, traducción]
260 _aTorroella de Montgrí, Girona
_bPanini España
_cD.L. 2009.
300 _a[166] p.
_bprincipalmente il. col.
_c27 cm.
490 0 _aLos nuevos Vengadores
_v4
490 0 _aMarvel deluxe
650 1 4 _a Tiras comicas, historietas, etc.
_92479
650 1 4 _aComics
_9284
700 1 _aCoipel, Olivier
_99165
700 1 _aDeodato, Mike
_d1963-
_99164
942 _2ddc
_cBK
999 _c37879
_d37879